Informačné a komunikačné technológie v práci manažérov v agropotravinárskom sektore

Informačné a komunikačné technológie (IKT) sú typickou črtou súčasného života, ktorý je spojený s rozvojom informačnej spoločnosti. IKT sú prostriedkom zvyšovania prosperity a konkurencieschopnosti podnikov. Manažment podniku, ktorý chce prosperovať, nemôže pracovať a budovať svoju informačnú straté...

Full description

Saved in:
Bibliographic Details
Main Author: Hennyeyová, Klára
Other Authors: Šajbidorová, Mária
Format: Book Chapter
Language:Slovak
Subjects:
Tags: Add Tag
No Tags, Be the first to tag this record!

MARC

LEADER 00000naa$a2200000$$$4500
001 0054886
005 20231012082553.1
041 0 |a slo 
044 |a SK 
245 1 0 |a Informačné a komunikačné technológie v práci manažérov v agropotravinárskom sektore  |c Klára Hennyeyová, Mária Šajbidorová 
520 |a Informačné a komunikačné technológie (IKT) sú typickou črtou súčasného života, ktorý je spojený s rozvojom informačnej spoločnosti. IKT sú prostriedkom zvyšovania prosperity a konkurencieschopnosti podnikov. Manažment podniku, ktorý chce prosperovať, nemôže pracovať a budovať svoju informačnú stratégiu bez využívania informačných technológií a informačných systémov. Manažmenty podnikov využívajú nové informačné technológie na zmenu svojej informačnej a obchodnej stratégie. IKT, informačné systémy a služby internetu pomáhajú manažérom v ich každodennej práci a v rozhodovacích procesoch. 
610 2 0 |a technológie informačné 
610 2 0 |a technológie komunikačné 
610 2 0 |a systémy informačné 
610 2 0 |a internet 
610 2 0 |a informácie 
610 2 0 |a manažéri 
610 2 0 |a agropotravinárstvo 
100 1 |a Hennyeyová, Klára 
700 1 |a Šajbidorová, Mária